Songs from the First Line(s) - 1986 - Statistics

General Stats
  • This quiz has been taken 130 times
  • The average score is 14 of 30
Answer Stats
Hint Answer % Correct
Songs Shot through the heart and you're to blame / Darling, you give love a bad name / An angel's smile is what you sell Artist(s) Bon Jovi
96%
Songs Once upon a time, not so long ago / Tommy used to work on the docks / Union's been on strike, he's down on his luck / It's tough Artist(s) Bon Jovi
96%
Songs Shot through the heart and you're to blame / Darling, you give love a bad name / An angel's smile is what you sell Song You Give Love A Bad Name
91%
Songs Oh, I, I just died in your arms tonight / It must've been something you said / I just died in your arms tonight Song (I Just) Died In Your Arms
83%
Songs Once upon a time, not so long ago / Tommy used to work on the docks / Union's been on strike, he's down on his luck / It's tough Song Livin' On A Prayer
80%
Songs Papa, I know you're going to be upset / 'Cause I was always your little girl / But you should know by now, I'm not a baby Artist(s) Madonna
75%
Songs Papa, I know you're going to be upset / 'Cause I was always your little girl / But you should know by now, I'm not a baby Song Papa Don't Preach
68%
Songs Think about it, there must be higher love / Down in the heart or hidden in the stars above / Without it, life is a wasted time Song Higher Love
63%
Songs All the old paintings on the tombs, / They do the sand dance, / Don't you know? / If they move too quick Song Walk Like An Egyptian
60%
Songs All the old paintings on the tombs, / They do the sand dance, / Don't you know? / If they move too quick Artist(s) The Bangles
57%
Songs Oh, I, I just died in your arms tonight / It must've been something you said / I just died in your arms tonight Artist(s) Cutting Crew
53%
Songs I've never seen you looking so lovely as you did tonight, / I've never seen you shine so bright, Song The Lady In Red
53%
Songs Watching every motion / In my foolish lover's game / On this endless ocean / Finally lovers know no shame / Turning and returning Song Take My Breath Away
46%
Songs Yeah / Kick it! / You wake up late for school, man, you don't wanna go / You ask your mom, "Please?" but she still says, "No!" Artist(s) Beastie Boys
45%
Songs I've never seen you looking so lovely as you did tonight, / I've never seen you shine so bright, Artist(s) Chris De Burgh
42%
Songs Think about it, there must be higher love / Down in the heart or hidden in the stars above / Without it, life is a wasted time Artist(s) Steve Winwood
42%
Songs Watching every motion / In my foolish lover's game / On this endless ocean / Finally lovers know no shame / Turning and returning Artist(s) Berlin
39%
Songs Yeah / Kick it! / You wake up late for school, man, you don't wanna go / You ask your mom, "Please?" but she still says, "No!" Song "(You Gotta) Fight for Your Right (To Party!)"
39%
Songs Ten, nine, eight, seven, six, five, four, three, two, one. / We're leaving together, / But still it's farewell. / And maybe we'll come back Artist(s) Europe
32%
Songs Ten, nine, eight, seven, six, five, four, three, two, one. / We're leaving together, / But still it's farewell. / And maybe we'll come back Song The Final Countdown
32%
Songs You with the sad eyes / Don't be discouraged / Oh I realize / It's hard to take courage / In a world full of people Artist(s) Cyndi Lauper
30%
Songs Now there's a backseat/lover / That's always under/cover / And I talk til my daddy say / Said you ain't seen/nuthin Artist(s) Run–D.M.C. / Aerosmith
27%
Songs Revvin' up your engine / Listen to her howlin' roar / Metal under tension / Beggin' you to touch and go Artist(s) Kenny Loggins
25%
Songs Now there's a backseat/lover / That's always under/cover / And I talk til my daddy say / Said you ain't seen/nuthin Song Walk This Way
25%
Songs Revvin' up your engine / Listen to her howlin' roar / Metal under tension / Beggin' you to touch and go Song Danger Zone
24%
Songs You with the sad eyes / Don't be discouraged / Oh I realize / It's hard to take courage / In a world full of people Song True Colors
24%
Songs What is happening here? / Something's going on / That's not quite clear / Somebody turn on the lights Song Dancing On The Ceiling
18%
Songs What is happening here? / Something's going on / That's not quite clear / Somebody turn on the lights Artist(s) Lionel Richie
18%
Songs So many times / Said it was forever / Said our love would always be true / Something in my heart always knew Song On My Own
6%
Songs So many times / Said it was forever / Said our love would always be true / Something in my heart always knew Artist(s) Patti LaBelle / Michael McDonald
6%
No matching quizzes found
Score Distribution
Percent of People with Each Score
Percentile by Number Answered
Your Score History
You have not taken this quiz